000 00485nam a2200181Ia 4500
005 20250508150534.0
008 008 250505s9999 xx 000 0 eng d
037 _aTextual
040 _aFEDL
_beng
_cFEDL
041 _aeng
_2eng
084 _a158, VAL
_qFEDL
100 _aValentine C W
245 0 _aPsychology and mental health
260 _aLondon, UK
_bMethuen and Co. Ltd
_c1948
300 _avii,82p
942 _cTEXL
_h158, VAL
999 _c1324153
_d1324153